| 000 | 00655cam a22002055a 4500 | ||
|---|---|---|---|
| 001 | L159690 | ||
| 008 | 150226s2016 xxk f 000 0 eng d | ||
| 035 | _a(Sirsi) u159690 | ||
| 041 | 0 | _aeng | |
| 100 | 1 | _aBlackman, David | |
| 245 | 0 | 0 | _aHere's one we made earlier |
| 260 | _c2016 | ||
| 490 |
_aModus _vDecember 2016 - January 2017, 26-28 (3) |
||
| 520 | _aOff-site construction up-ends traditional housebuilding, reducing errors and speeding up the delivery of much-needed homes. Has its time come at last? | ||
| 590 | _aKA | ||
| 650 | 2 | 4 | _aOFF-SITE CONSTRUCTION |
| 650 | 2 | 4 | _aCONSTRUCTION METHODS |
| 690 |
_aSustainability _96271 |
||
| 942 | _n0 | ||
| 999 |
_c84915 _d84915 |
||